ბათუმის შოთა რუსთაველის სახელმწიფო უნივერსიტეტის ბიბლიოთეკა

ხიდები საავტომობილო გზებზე პირველი ნაწილი : (ბიბ.ჩანაწერი № 39024)

000 -ლიდერი
ფიქსირებული სიგრძის საკონტროლო ველი 00954nam a2200217Ia 4500
001 - საკონტროლო ნომერი
საკონტროლო ველი 5535
003 - საკონტროლო ნომრის იდენტიფიკატორი
საკონტროლო ველი GE_BSU
005 - ბოლო ოპერაციის თარიღი და დრო
საკონტროლო ველი 20190502135327.0
008 - ფიქსირებული სიგრძის მონაცემთა ელემენტები - ზოგადი ინფორმაცია
ფიქსირებული სიგრძის საკონტროლო ველი 181216s1974||||ge |||||||||||||| ||geo||
040 ## - კატალოგიზაციის წყარო
Transcribing agency GE_BSU
041 ## - ენის კოდი
Language code of text/sound track or separate title geo
080 ## - უნივერსალური ათობითი კლასიფიკაციის ინდექსი
Universal Decimal Classification number 625.745.12(075.8) ბ-71
100 ## - მთავარი ჩანაწერი - პიროვნების სახელი
Personal name ბისეიშვილი,მ.
9 (RLIN) 647
245 ## - ცნობა სათაურის შესახებ
Title ხიდები საავტომობილო გზებზე პირველი ნაწილი :
Remainder of title სახელმძღვ. /
Statement of responsibility, etc მ. ბისეიშვილი ; რედ. ლ. მაღულარია.
264 ## - წარმოების, გამოცემის, დისტრიბუციის და სხვა ცნობები
გამოცემის, წარმოების, დისტრიბუციის... ადგილი თბილისი :
გამოცემის, წარმოების, დისტრიბუციის... სახელწოდება განათლება,
გამოცემის, წარმოების, დისტრიბუციის... თარიღი 1974.
300 ## - ფიზიკური აღწერა
Extent 182 გვ. :
Other physical details ილ. ;
Dimensions 20 სმ.
505 ## - FORMATTED CONTENTS NOTE
Formatted contents note ბიბლიოგრ. : გვ.179.
653 ## - INDEX TERM--UNCONTROLLED
Uncontrolled term ხიდები საავტომობილო გზებზე
700 ## - ADDED ENTRY--PERSONAL NAME
Personal name მაღულარია, ლ.
Relator term რედაქტორი
9 (RLIN) 648
942 ## - ADDED ENTRY ELEMENTS (KOHA)
Koha item type წიგნი
Source of classification or shelving scheme
ეგზემპლარები
ჩამოწერის სტატუსი დაკარგული ეგზემპლარის სტატუსი კლასიფიკაციის წყარო ან თაროზე გაწყობის სქემა დაზიანების სტატუსი არ გაიცემა მუდმივი მდებარეობა (დაცვის ადგილი) ამჟამინდელი ადგილსამყოფელი თაროზე განთავსების ადგილი შეძენის თარიღი ღირებულება, შესყიდვის ნორმალური ფასი სრული შენახვის შიფრი შტრიხკოდი ბოლო ოპერაციის თარიღი ეგზემპლარის მიმდევრობითი ნომერი (კეტერი?) ფასის ძალაში შესვლის თარიღი ეგზემპლარის სახეობა საჯარო შენიშვნა
          ტექნოლოგიური ფაკულტეტის ბიბლიოთეკა ტექნოლოგიური ფაკულტეტის ბიბლიოთეკა წიგნსაცავი 2018-12-17 0.84 625.745.12(075.8) ბ-71 11601 2018-12-17 11601 2018-12-17 წიგნი 0.84 ლ.
          ტექნოლოგიური ფაკულტეტის ბიბლიოთეკა ტექნოლოგიური ფაკულტეტის ბიბლიოთეკა წიგნსაცავი 2018-12-17 0.84 625.745.12(075.8) ბ-71 11602 2018-12-17 11602 2018-12-17 წიგნი 0.84 ლ.
          ტექნოლოგიური ფაკულტეტის ბიბლიოთეკა ტექნოლოგიური ფაკულტეტის ბიბლიოთეკა წიგნსაცავი 2018-12-17 0.84 625.745.12(075.8) ბ-71 11603 2018-12-17 11603 2018-12-17 წიგნი 0.84 ლ.
          ტექნოლოგიური ფაკულტეტის ბიბლიოთეკა ტექნოლოგიური ფაკულტეტის ბიბლიოთეკა წიგნსაცავი 2018-12-17 0.84 625.745.12(075.8) ბ-71 11604 2018-12-17 11604 2018-12-17 წიგნი 0.84 ლ.
          ტექნოლოგიური ფაკულტეტის ბიბლიოთეკა ტექნოლოგიური ფაკულტეტის ბიბლიოთეკა წიგნსაცავი 2018-12-17 0.84 625.745.12(075.8) ბ-71 11605 2018-12-17 11605 2018-12-17 წიგნი 0.84 ლ.